| 000 | 00560nam a2200205 a 4500 | ||
|---|---|---|---|
| 005 | 20250919063951.0 | ||
| 008 | 991125s1981 mx 000 0 spa u | ||
| 020 | _a9681605853 | ||
| 035 | _aUPN01000028572 | ||
| 049 | _aCG | ||
| 050 | 4 |
_aB819 _bN5.3 1981 |
|
| 100 | 1 |
_aNicol, Eduardo, _d1907-1990 _929437 |
|
| 245 | 1 | 0 |
_aHistoricismo y existencialismo / _cEduardo Nicol. |
| 260 |
_aMéxico : _bFCE, _c1981. |
||
| 300 | _a423 p. | ||
| 440 | 0 | _aSección de obras de filosofía | |
| 650 | 2 |
_aExistencialismo _98242 |
|
| 650 | 4 | _aHISTORICISMO | |
| 905 | _aLibro | ||
| 999 |
_c28572 _d28572 |
||